Every 1,000,000+ Southeast Asian City on a Map - Statistics

General Stats
  • This quiz has been taken 1,149 times
    174 since last reset
  • The average score is 24 of 33
Answers on the Map
Answers color-coded by a green-red scale on the quiz's map according to % correct below.
 
Answer Stats
Population City % Correct
29,800,000 Jakarta
100%
27,100,000 Manila
100%
22,400,000 Bangkok
99%
8,150,000 Singapore
98%
7,550,000 Hanoi
97%
14,700,000 Ho Chi Minh City
97%
9,750,000 Kuala Lumpur
97%
3,025,000 Phnom Penh
95%
7,050,000 Bandung
90%
6,000,000 Surabaya
89%
4,900,000 Yangon
89%
2,625,000 Cebu
88%
1,250,000 Denpasar
87%
1,530,000 Da Nang
85%
1,310,000 Mandalay
84%
4,300,000 Medan
84%
1,650,000 Davao
78%
2,100,000 George Town
78%
1,820,000 Makassar
72%
1,790,000 Yogyakarta
70%
1,720,000 Angeles
67%
1,810,000 Palembang
62%
1,460,000 Haiphong
60%
2,150,000 Semarang
56%
1,290,000 Batam
53%
1,480,000 Bandar Lampung
46%
1,710,000 Surakarta
46%
1,620,000 Chonburi
42%
1,120,000 Pekanbaru
37%
1,230,000 Cirebon
36%
1,770,000 Malang
35%
1,250,000 Serang
32%
1,270,000 Karawang
19%
No matching quizzes found
Score Distribution
Percent of People with Each Score
Percentile by Number Answered
Your Score History
You have not taken this quiz since the last reset